Donna Summer or Summer Glau? Quiz Stats

Quiz not verified by Sporcle

Challenge
Share
Tweet
Embed
Score 0/15 Timer 02:00
0 Plays Today
Hint (D)onna Summer or Summer (G)lau % Correct
Mother was a schoolteacher???
100%
Born 1948???
95.2%
Born 1981???
95.2%
Sang 'Hot Stuff'???
91.9%
Guest starred as herself on The Big Bang Theory???
90.3%
Born in San Antonio, TX???
90.3%
Played River Tam in Firefly and Serenity???
85.5%
Is or was a classically-trained ballet dancer???
82.3%
Hint (D)onna Summer or Summer (G)lau % Correct
Helped fundraise for UNICEF???
79%
Born in Boston, MA???
71%
Helped fundraise for the Society for the Prevention of Cruelty to Animals???
67.7%
Had a guest role on the TV show Family Matters???
66.1%
Was a vegetarian for part of her life???
62.9%
Fluent in German???
56.5%
Performed in her high school musicals???
41.9%

You're not logged in!

Compare scores with friends on all Sporcle quizzes.
Join for Free
OR
Log In

You Might Also Like...

Show Comments

Extras

Top Quizzes Today


Score Distribution

Your Account Isn't Verified!

In order to create a playlist on Sporcle, you need to verify the email address you used during registration. Go to your Sporcle Settings to finish the process.

Report this User

Report this user for behavior that violates our Community Guidelines.

Details: